Southville International School and Colleges
Your cart is empty.
  • Cart
  • Lists
    Public lists list_1 View all
    Your lists Log in to create your own lists
  • Log in to your account
  • Your cookies
  • Search history
Southville International School and Colleges
  • Advanced search
  • Recent comments
  • Most popular
  • Libraries

Log in to your account

Log in with GOOGLE


If you do not have an external account, but do have a local account, you can still log in:

  1. Home
  2. MARC view: Applied development communication /
Normal view MARC view ISBD view

Applied development communication / (Record no. 297717)

[ view plain ]
MARC details
000 -LEADER
fixed length control field 00536nam a22001697a 4500
003 - CONTROL NUMBER IDENTIFIER
control field SISC
005 - DATE AND TIME OF LATEST TRANSACTION
control field 20160714115121.0
008 - FIXED-LENGTH DATA ELEMENTS--GENERAL INFORMATION
fixed length control field 160714b xxu||||| |||| 00| 0 eng d
020 ## - INTERNATIONAL STANDARD BOOK NUMBER
International Standard Book Number 9789382007869
050 ## - LIBRARY OF CONGRESS CALL NUMBER
Classification number HM 258
Item number .G981 2015
100 ## - MAIN ENTRY--PERSONAL NAME
Personal name Guru, Mahesh Chandra.
245 ## - TITLE STATEMENT
Title Applied development communication /
Statement of responsibility, etc Mahesh Chandra Guru.
260 ## - PUBLICATION, DISTRIBUTION, ETC. (IMPRINT)
Place of publication, distribution, etc New Delhi :
Name of publisher, distributor, etc Dominant Publishers & Distributors Pvt Ltd,
Date of publication, distribution, etc 2015.
300 ## - PHYSICAL DESCRIPTION
Extent 954 pages ;
Dimensions 25 cm.
500 ## - GENERAL NOTE
General note Includes bibliographical references and index.
942 ## - ADDED ENTRY ELEMENTS (KOHA)
Source of classification or shelving scheme Library of Congress Classification
Koha item type Books
Holdings
Withdrawn status Lost status Source of classification or shelving scheme Damaged status Home library Current library Shelving location Date acquired Source of acquisition Total Checkouts Full call number Barcode Date last seen Price effective from Koha item type
    Library of Congress Classification   College Library College Library Reserve Section 07/14/2016 Library Fund   HM 258 .G981 2015 C20609 07/14/2016 07/14/2016 Books

Applied development communication /

APA

Guru M. C., . (2015). Applied development communication. New Delhi: Dominant Publishers & Distributors Pvt Ltd.

Chicago

Guru Mahesh Chandra, . 2015. Applied development communication. New Delhi: Dominant Publishers & Distributors Pvt Ltd.

Harvard

Guru M. C., . (2015). Applied development communication. New Delhi: Dominant Publishers & Distributors Pvt Ltd.

MLA

Guru Mahesh Chandra, . Applied development communication. New Delhi: Dominant Publishers & Distributors Pvt Ltd. 2015.

  • Place hold
  • Print
  • Cite
  • Add to your cart (remove)
  • Save record
    BIBTEX Dublin Core MARCXML MARC (non-Unicode/MARC-8) MARC (Unicode/UTF-8) MARC (Unicode/UTF-8, Standard) MODS (XML) RIS
  • More searches
    Search for this title in:
    Other Libraries (WorldCat) Other Databases (Google Scholar) Online Stores (Bookfinder.com) Open Library (openlibrary.org)

Exporting to Dublin Core...

SOUTHVILLE LIBRARY

Southville International School and Colleges Library

1281 Tropical Ave. Cor. Luxembourg St., BF Homes International, Las Pinas City

Tel. No. 8256374 / 252358 Loc. 117/146

Powered by Koha